[Event "SR 2. liga A 2006/2007"]
[Site "?"]
[Date "2007.04.01"]
[Round "11"]
[White "Prielozny, Marek"]
[Black "Macka, Oto"]
[Result "1-0"]
[WhiteElo "1963"]
[BlackElo "1974"]
[PlyCount "73"]
[EventDate "2006.??.??"]
[TimeControl "40/300+5:40/300:40/300"]

1. d4 Nf6 2. Nf3 c5 3. d5 b5 4. c4 Bb7 5. Nbd2 bxc4 6. e4 e6 7. dxe6 fxe6 8. e5
Ne4 9. Nxc4 Be7 10. Bd3 O-O 11. Qe2 Ng5 12. Nxg5 Bxg5 13. Qh5 Bh6 14. Bxh6 gxh6
15. Qxh6 Qe7 16. O-O-O Bd5 17. Ne3 c4 18. Bc2 c3 19. Rxd5 exd5 20. Nxd5 Qg7 21.
Qh5 h6 22. Nf6+ Kh8 23. Rd1 Rf7 24. Ne8 cxb2+ 25. Kb1 Qxe5 26. Qxh6+ Kg8 27.
Nd6 Rg7 28. Bb3+ Kf8 29. Qh8+ Ke7 30. Qxg7+ Qxg7 31. Nf5+ Kf6 32. Nxg7 Kxg7 33.
Kxb2 a5 34. Ba4 Ra6 35. Rd5 Nc6 36. Bxc6 dxc6 37. Re5 1-0

[Event "SR 2. liga A 2006/2007"]
[Site "?"]
[Date "2007.03.18"]
[Round "11"]
[White "Puchart, Vladimir"]
[Black "Machalova, Veronika"]
[Result "0-1"]
[WhiteElo "2076"]
[BlackElo "2199"]
[PlyCount "76"]
[EventDate "2006.??.??"]

1. d4 Nf6 2. c4 e6 3. Nf3 b6 4. g3 Bb7 5. Bg2 Bb4+ 6. Bd2 Qe7 7. O-O Bxd2 8.
Nbxd2 O-O 9. Qc2 d6 10. e4 e5 11. Nh4 g6 12. Rae1 Nc6 13. d5 Nd4 14. Qc3 Nh5
15. f4 Bc8 16. f5 g5 17. Nhf3 Nxf3+ 18. Bxf3 Ng7 19. b4 Bd7 20. Rb1 a6 21. Rfc1
h5 22. Qe3 Rfb8 23. Be2 c6 24. h4 g4 25. Nb3 Kh7 26. Bd3 Kg8 27. Qf2 f6 28. Qe3
Qf8 29. Qh6 Qe7 30. Kg2 Be8 31. c5 cxd5 32. exd5 Bf7 33. Be4 bxc5 34. bxc5 Rb4
35. cxd6 Qxd6 36. Rc6 Qe7 37. d6 Qd8 38. Re1 Rxe4 {time} 0-1

[Event "SR 2. liga A 2006/2007"]
[Site "?"]
[Date "2007.03.18"]
[Round "11.1"]
[White "Tepper, Frantisek"]
[Black "Pacher, Milan"]
[Result "1/2-1/2"]
[WhiteElo "2171"]
[BlackElo "2262"]
[PlyCount "25"]
[EventDate "2006.??.??"]

1. e4 c5 2. Nf3 d6 3. Bb5+ Bd7 4. Bxd7+ Qxd7 5. O-O Nc6 6. c3 Nf6 7. Re1 e6 8.
d3 Be7 9. Nbd2 O-O 10. Nf1 b5 11. Ng3 b4 12. Bd2 a5 13. Qe2 1/2-1/2

[Event "SR 2. liga A 2006/2007"]
[Site "?"]
[Date "2007.03.18"]
[Round "11.1"]
[White "Tibensky, Robert"]
[Black "Meszaros, Michal"]
[Result "1/2-1/2"]
[WhiteElo "2409"]
[BlackElo "2407"]
[PlyCount "26"]
[EventDate "2006.??.??"]

1. d4 Nf6 2. c4 g6 3. Nf3 Bg7 4. g3 d5 5. cxd5 Nxd5 6. Bg2 Nb6 7. O-O Nc6 8. e3
e5 9. Nc3 exd4 10. exd4 O-O 11. Bg5 Ne7 12. Qd2 Re8 13. Rfe1 Be6 1/2-1/2

[Event "SR 2. liga A 2006/2007"]
[Site "?"]
[Date "2007.03.18"]
[Round "11.2"]
[White "Gasa, Andrej"]
[Black "Maslik, Miroslav"]
[Result "0-1"]
[WhiteElo "2199"]
[BlackElo "2255"]
[PlyCount "112"]
[EventDate "2006.??.??"]

1. e4 c5 2. Nf3 d6 3. d4 cxd4 4. Nxd4 Nf6 5. Nc3 a6 6. Bg5 e6 7. f4 Qb6 8. Qd2
Qxb2 9. Rb1 Qa3 10. Bxf6 gxf6 11. f5 Nc6 12. fxe6 fxe6 13. Nxc6 bxc6 14. Be2
Qa5 15. O-O Be7 16. Kh1 O-O 17. Rf3 Kh8 18. Qe3 Qg5 19. Qxg5 fxg5 20. Rxf8+
Bxf8 21. Rb6 c5 22. Nd1 Bd7 23. Bxa6 d5 24. c4 dxe4 25. Kg1 Bg7 26. Kf2 Bd4+
27. Ne3 e5 28. Ke2 Be8 29. h3 Bh5+ 30. g4 Bg6 31. Nd5 Rf8 32. Rf6 Rb8 33. Rb6
Ra8 34. a4 e3 35. Bb5 Bc2 36. a5 Rxa5 37. Rb8+ Kg7 38. Rb7+ Kh6 39. Nf6 Rxb5
40. cxb5 Bb3 41. Ne4 Bc4+ 42. Ke1 e2 43. Nd2 Bd3 44. Nf3 Bc3+ 45. Kf2 c4 46.
Re7 e4 47. Ne1 Bd4+ 48. Kg3 c3 49. Re6+ Kg7 50. Kg2 c2 51. Rc6 Be3 52. Rxc2
Bxc2 53. Nxc2 Bc5 54. Kg3 Kf7 55. h4 h6 56. hxg5 hxg5 0-1

[Event "SR 2. liga A 2006/2007"]
[Site "?"]
[Date "2007.03.18"]
[Round "11.2"]
[White "Ruckschloss, Karol"]
[Black "Biro, Karol"]
[Result "1-0"]
[WhiteElo "2311"]
[BlackElo "2191"]
[PlyCount "32"]
[EventDate "2006.??.??"]

1. c4 e5 2. Nc3 Nc6 3. g3 f5 4. Bg2 Nf6 5. e3 g6 6. d4 e4 7. a3 a5 8. Nge2 Bg7
9. Nf4 O-O 10. h4 Rf7 11. Bd2 Qe8 12. c5 d6 13. cxd6 cxd6 14. Bf1 Kh8 15. Bc4
Rd7 16. h5 g5 1-0

[Event "SR 2. liga A 2006/2007"]
[Site "?"]
[Date "2007.03.18"]
[Round "11.3"]
[White "Fabry, Robert"]
[Black "Hacik, Radomir"]
[Result "1/2-1/2"]
[WhiteElo "2206"]
[BlackElo "2185"]
[PlyCount "32"]
[EventDate "2006.??.??"]

1. Nf3 d5 2. b3 c5 3. Bb2 Nc6 4. e3 Nf6 5. Be2 e6 6. c4 Be7 7. O-O O-O 8. d3
dxc4 9. bxc4 Qd6 10. Qb3 Rd8 11. Nc3 b6 12. Rfd1 Bb7 13. Rac1 Rac8 14. d4 Na5
15. Qc2 Qb8 16. Ne5 cxd4 1/2-1/2

[Event "SR 2. liga A 2006/2007"]
[Site "?"]
[Date "2007.03.18"]
[Round "11.3"]
[White "Hartl, Jan"]
[Black "Hecko, Dusan"]
[Result "1-0"]
[WhiteElo "2158"]
[BlackElo "2142"]
[PlyCount "97"]
[EventDate "2006.??.??"]

1. e4 c6 2. d4 d5 3. exd5 cxd5 4. c4 Nf6 5. Nc3 g6 6. Qb3 Bg7 7. cxd5 O-O 8. g3
Nbd7 9. Bg2 Nb6 10. Nge2 Bg4 11. Nf4 Ne8 12. Be3 Nd6 13. O-O Rc8 14. Nd3 Nbc4
15. Rfe1 Qa5 16. Rac1 Rfe8 17. Nc5 b6 18. Nd3 Rc7 19. Nb4 b5 20. Nc6 Qb6 21.
Nxb5 Rxc6 22. Nxd6 Rxd6 23. Rxc4 Qxb3 24. axb3 Rb6 25. Rc3 Rb4 26. h3 Bd7 27.
Ra1 Bxd4 28. Bxd4 Rxd4 29. Rxa7 Bf5 30. Rcc7 Kf8 31. b4 e6 32. Rxf7+ Kg8 33.
Rg7+ Kh8 34. Rxh7+ Kg8 35. Rag7+ Kf8 36. Rd7 Kg8 37. dxe6 Rxd7 38. exd7 Rd8 39.
Re7 Bxd7 40. Re4 Bf5 41. Rf4 Rd1+ 42. Kh2 Rd2 43. g4 Bb1 44. b3 Rd3 45. Be4 Rd4
46. f3 Bxe4 47. Rxe4 Rd3 48. Kg3 Rxb3 49. Re6 1-0

[Event "SR 2. liga A 2006/2007"]
[Site "?"]
[Date "2007.03.18"]
[Round "11.4"]
[White "Fraas, Martin"]
[Black "Janos, Jozef"]
[Result "1/2-1/2"]
[WhiteElo "2181"]
[BlackElo "2225"]
[PlyCount "21"]
[EventDate "2006.??.??"]

1. e4 g6 2. Bc4 Bg7 3. Nf3 c6 4. Nc3 d6 5. d4 Nf6 6. Qe2 O-O 7. Bf4 d5 8. Bd3
dxe4 9. Nxe4 Bg4 10. c3 Nbd7 11. h3 1/2-1/2

[Event "SR 2. liga A 2006/2007"]
[Site "?"]
[Date "2007.03.18"]
[Round "11.4"]
[White "Pagerka, Martin"]
[Black "Janos, Ivan"]
[Result "1-0"]
[WhiteElo "2158"]
[BlackElo "2142"]
[PlyCount "63"]
[EventDate "2006.??.??"]

1. e4 c5 2. Nf3 d6 3. d4 cxd4 4. Nxd4 Nf6 5. Nc3 a6 6. Be2 e5 7. Nb3 Be7 8. O-O
O-O 9. Kh1 a5 10. Be3 a4 11. Nd2 Be6 12. Nc4 Bxc4 13. Bxc4 Nbd7 14. a3 Qc7 15.
Qe2 Rfc8 16. Bb5 Ra5 17. f3 Nb6 18. Rfd1 Nc4 19. Bxc4 Qxc4 20. Qd2 Raa8 21. Bg5
Rc6 22. Bxf6 Bxf6 23. Qd3 Qc5 24. Rd2 Bg5 25. Re2 Qb6 26. Nb5 Rac8 27. b3 axb3
28. cxb3 Rc1+ 29. Re1 Qf2 30. Raxc1 Bxc1 31. Qf1 Qh4 32. Rxc1 1-0

[Event "SR 2. liga A 2006/2007"]
[Site "?"]
[Date "2007.03.18"]
[Round "11.5"]
[White "Michal, Silvio"]
[Black "Diviak, Rastislav"]
[Result "1/2-1/2"]
[WhiteElo "2135"]
[BlackElo "1958"]
[PlyCount "82"]
[EventDate "2006.??.??"]

1. Nf3 Nf6 2. d4 d5 3. c4 c6 4. e3 e6 5. Nc3 Nbd7 6. Bd3 dxc4 7. Bxc4 b5 8. Bd3
a6 9. O-O Bb7 10. b3 c5 11. Bb2 Be7 12. Rc1 O-O 13. Ne2 Rc8 14. Ng3 cxd4 15.
Rxc8 Qxc8 16. Nxd4 Nc5 17. Bb1 Nce4 18. Nxe4 Bxe4 19. Qe2 Qb7 20. Bxe4 Nxe4 21.
Rc1 Rc8 22. Rxc8+ Qxc8 23. Qf3 f5 24. g4 Bf6 25. gxf5 Bxd4 26. Bxd4 exf5 27.
Qf4 Nd2 28. Kg2 Ne4 29. Qe5 Nf6 30. Qc5 Qe6 31. Bxf6 Qxf6 32. Qc8+ Kf7 33. Qd7+
Kg6 34. Qe8+ Kh6 35. Qb8 Qc6+ 36. Kg3 Qg6+ 37. Kf4 Qe6 38. Qb7 g5+ 39. Kf3 Qd6
40. Kg2 Kg6 41. Qa8 Qe6 1/2-1/2

[Event "SR 2. liga A 2006/2007"]
[Site "?"]
[Date "2007.03.18"]
[Round "11.5"]
[White "Mikulas, Dusan"]
[Black "Djubek, Boris"]
[Result "1/2-1/2"]
[WhiteElo "2167"]
[BlackElo "2169"]
[PlyCount "100"]
[EventDate "2006.??.??"]

1. e4 e5 2. Nf3 Nc6 3. Bb5 a6 4. Ba4 Nf6 5. O-O Be7 6. Re1 b5 7. Bb3 d6 8. c3
O-O 9. h3 Na5 10. Bc2 c5 11. d4 Qc7 12. d5 c4 13. Nbd2 Bd7 14. Nf1 Rfc8 15. Ng3
g6 16. Bg5 Nb7 17. Qd2 Qd8 18. Bh6 Bf8 19. Bxf8 Qxf8 20. Nh2 Nc5 21. Rf1 Re8
22. Rae1 Bc8 23. Re2 Ncd7 24. Ng4 Nxg4 25. hxg4 f6 26. f4 Qh6 27. g5 Qh4 28.
Nh1 exf4 29. gxf6 Nxf6 30. Qxf4 Qxf4 31. Rxf4 Ng4 32. Nf2 Ne5 33. Re3 Rf8 34.
Rxf8+ Kxf8 35. Bd1 Bd7 36. g4 h6 37. Kg2 Kg7 38. Kg3 Rf8 39. Re1 Rxf2 40. Kxf2
Nd3+ 41. Kf1 Nxe1 42. Kxe1 Kf6 43. Kf2 Ke5 44. Ke3 Be8 45. Be2 h5 46. gxh5 gxh5
47. Bf3 Bg6 48. Bg2 h4 49. Bf3 h3 50. Bg4 h2 1/2-1/2

[Event "SR 2. liga A 2006/2007"]
[Site "?"]
[Date "2007.03.18"]
[Round "11.6"]
[White "Karlik, Lukas"]
[Black "Syrovy, Ivan"]
[Result "0-1"]
[WhiteElo "1842"]
[BlackElo "2091"]
[PlyCount "94"]
[EventDate "2006.??.??"]

1. d4 d6 2. c4 Nd7 3. Nc3 e5 4. d5 f5 5. Nf3 Be7 6. e4 Nc5 7. Bd3 Nf6 8. Qc2
fxe4 9. Nxe4 Ncxe4 10. Bxe4 O-O 11. Nd2 Qe8 12. O-O Qh5 13. f3 Nxe4 14. Nxe4
Bf5 15. Be3 Qg6 16. b4 a5 17. a3 Bg5 18. Bf2 Bf4 19. Qe2 Bh3 20. Bg3 Bxg3 21.
Nxg3 Bd7 22. c5 Rf4 23. Qd2 Rd4 24. Qc3 Rxd5 25. cxd6 Qxd6 26. Ne4 axb4 27.
axb4 Qb6+ 28. Kh1 Rxa1 29. Rxa1 Qd4 30. Qe1 h6 31. Qb1 Bf5 32. Ra8+ Kf7 33.
Nd6+ Rxd6 34. Qxf5+ Rf6 35. Qc2 c6 36. h3 Qxb4 37. Qh7 Qe7 38. Qg8+ Kg6 39. Re8
Qf7 40. Qh8 Re6 41. Rf8 Qd7 42. h4 Qe7 43. g3 Rf6 44. Re8 Qd7 45. h5+ Kxh5 46.
Rxe5+ Kg6 47. Kg2 Re6 0-1

[Event "SR 2. liga A 2006/2007"]
[Site "?"]
[Date "2007.03.18"]
[Round "11.6"]
[White "Sturc, Gustav"]
[Black "Hebelka, Milos"]
[Result "1-0"]
[WhiteElo "2145"]
[BlackElo "2116"]
[PlyCount "83"]
[EventDate "2006.??.??"]

1. e4 c6 2. d4 d6 3. Nf3 Bg4 4. Be2 Nd7 5. c3 e6 6. Be3 Ngf6 7. Nbd2 Bh5 8. h3
Bg6 9. e5 Nd5 10. Nc4 b5 11. Nxd6+ Bxd6 12. exd6 N7b6 13. Bc1 Qxd6 14. Ne5 a6
15. Bf3 Nd7 16. Qe2 Nxe5 17. Qxe5 Qxe5+ 18. dxe5 f6 19. exf6 gxf6 20. Bh6 Kf7
21. O-O-O a5 22. Rd4 Rac8 23. h4 Ke7 24. Re1 Kd7 25. Bg7 Rhg8 26. Bxf6 Rgf8 27.
Bg5 Rxf3 28. gxf3 c5 29. Rd2 c4 30. Rd4 Bf5 31. Re5 Rf8 32. a4 b4 33. cxb4 axb4
34. Rxc4 Bd3 35. Rxd5+ exd5 36. Rxb4 Rxf3 37. Be3 Rf6 38. Kd2 Bf1 39. Rb7+ Ke6
40. Rxh7 Ba6 41. h5 Ke5 42. Rh6 1-0

[Event "SR 2. liga A 2006/2007"]
[Site "?"]
[Date "2007.03.18"]
[Round "11.7"]
[White "Beles, Milan"]
[Black "Hanzluvka, Peter"]
[Result "1-0"]
[WhiteElo "2094"]
[BlackElo "2042"]
[PlyCount "79"]
[EventDate "2006.??.??"]

1. e4 c5 2. Nf3 d6 3. d4 cxd4 4. Nxd4 Nf6 5. Nc3 a6 6. Bg5 e6 7. f4 Be7 8. Qf3
Qc7 9. O-O-O b5 10. e5 Bb7 11. Qg3 dxe5 12. fxe5 Nh5 13. Qh4 Bxg5+ 14. Qxg5 g6
15. Bxb5+ Nc6 16. Bxc6+ Bxc6 17. Nxc6 Qxc6 18. Rd6 Qc4 19. Rhd1 O-O 20. R6d4
Qc7 21. Rd7 Qc4 22. R7d4 Qc7 23. g4 f6 24. Qh6 Qg7 25. Qe3 Qa7 26. gxh5 Rad8
27. Qd3 Rxd4 28. Qxd4 Qxd4 29. Rxd4 fxe5 30. Re4 Rf5 31. hxg6 hxg6 32. b4 Kf7
33. a4 Kf6 34. b5 axb5 35. a5 b4 36. Rxb4 Rh5 37. h4 Rh8 38. Ra4 g5 39. Ne4+
Kf5 40. Nxg5 1-0

[Event "SR 2. liga A 2006/2007"]
[Site "?"]
[Date "2007.03.18"]
[Round "11.8"]
[White "Cajka, Tibor"]
[Black "Ptak, Jozef"]
[Result "1-0"]
[WhiteElo "1784"]
[BlackElo "1745"]
[PlyCount "125"]
[EventDate "2006.??.??"]

1. e4 c5 2. Nf3 Nc6 3. d4 cxd4 4. Nxd4 d6 5. c4 a6 6. Nc3 g6 7. Be3 Bg7 8. Qd2
Nf6 9. Be2 O-O 10. O-O Qc7 11. f3 Ne5 12. b3 Bd7 13. Rad1 Nc6 14. Nxc6 Bxc6 15.
Bh6 Rac8 16. Bxg7 Kxg7 17. Bd3 Bd7 18. Nd5 Qc5+ 19. Kh1 Nxd5 20. exd5 b5 21.
Rfe1 e6 22. dxe6 Bxe6 23. cxb5 axb5 24. Qb2+ Kg8 25. Qf6 Rfe8 26. Qf4 d5 27. h4
d4 28. Re4 Rcd8 29. Rc1 Qb6 30. h5 Bf5 31. Rxe8+ Rxe8 32. Bxf5 Qf6 33. hxg6
hxg6 34. Rd1 Rd8 35. Qg4 Qxf5 36. Qxf5 gxf5 37. Kg1 Kg7 38. Kf2 f4 39. Ke2 Kf6
40. Kd3 Ke5 41. Re1+ Kf5 42. Re4 Ra8 43. Re2 Rd8 44. a4 bxa4 45. bxa4 Ra8 46.
Ra2 Ke5 47. a5 Ra6 48. Kc4 Ra8 49. a6 Rc8+ 50. Kb5 d3 51. a7 Kd4 52. a8=Q Rxa8
53. Rxa8 d2 54. Ra1 Ke3 55. Kc4 Ke2 56. Kd4 d1=Q+ 57. Rxd1 Kxd1 58. Ke4 Ke2 59.
Kxf4 Kd3 60. Ke5 Ke3 61. Kf6 Kf4 62. Kxf7 Kg3 63. Kg6 1-0

[Event "SR 2. liga A 2006/2007"]
[Site "?"]
[Date "2007.03.18"]
[Round "11.8"]
[White "Hudec, Jan"]
[Black "Hecht, Tomas"]
[Result "1/2-1/2"]
[WhiteElo "2063"]
[BlackElo "1973"]
[PlyCount "32"]
[EventDate "2006.??.??"]

1. d4 Nf6 2. c4 e6 3. Nc3 Bb4 4. e3 O-O 5. Bd3 d5 6. Nf3 c5 7. O-O Nc6 8. dxc5
Bxc3 9. bxc3 dxc4 10. Bxc4 Qa5 11. Qe2 Qxc5 12. a4 Qh5 13. Ba3 Re8 14. Nd4 Qh4
15. Nf3 Qh5 16. Nd4 Qh4 1/2-1/2

[Event "SR 2. liga A 2007/2008"]
[Site "?"]
[Date "2008.03.09"]
[Round "?"]
[White "Bezuch, Martin"]
[Black "Maslik, Miroslav"]
[Result "1/2-1/2"]
[WhiteElo "2238"]
[BlackElo "2298"]
[PlyCount "90"]
[EventDate "2007.??.??"]

1. e4 c5 2. Nf3 Nc6 3. d4 cxd4 4. Nxd4 e5 5. Nb5 a6 6. Nd6+ Bxd6 7. Qxd6 Qf6 8.
Qxf6 Nxf6 9. Nc3 Nb4 10. Bd3 d6 11. Bg5 Nxd3+ 12. cxd3 Be6 13. O-O Nd7 14. Rfd1
f6 15. Be3 b5 16. d4 Ke7 17. dxe5 Nxe5 18. Nd5+ Bxd5 19. Rxd5 Rhc8 20. Rad1 Rc6
21. Bd4 Rac8 22. Bc3 Nf7 23. f4 Rc5 24. Kf2 Rxd5 25. Rxd5 Ke6 26. Ke3 Rc5 27.
Rd3 g6 28. g4 f5 29. exf5+ gxf5 30. g5 d5 31. Ke2 Rc4 32. Bd2 Nd6 33. Rh3 Ne4
34. Rh6+ Kf7 35. Rxh7+ Kg6 36. Rh6+ Kg7 37. Be1 Rc2+ 38. Kd3 Rxb2 39. Kd4 Rxa2
40. Kxd5 a5 41. Ra6 b4 42. Ra7+ Kg6 43. Ra6+ Kg7 44. Ra7+ Kg6 45. Ra6+ Kg7
1/2-1/2

[Event "SR 2. liga A 2007/2008"]
[Site "?"]
[Date "2008.03.08"]
[Round "?"]
[White "Mikulas, Dusan"]
[Black "Diviak, Rastislav"]
[Result "1-0"]
[WhiteElo "2169"]
[BlackElo "2016"]
[PlyCount "89"]
[EventDate "2007.??.??"]

1. e4 c5 2. Nf3 d6 3. d4 cxd4 4. Nxd4 Nf6 5. Nc3 a6 6. f4 e6 7. Nf3 Nc6 8. Bd3
Qc7 9. O-O Be7 10. Kh1 O-O 11. Qe1 b5 12. a3 Bb7 13. Qg3 Rfd8 14. f5 exf5 15.
Bg5 Ne5 16. Nxe5 dxe5 17. Rxf5 Nh5 18. Qg4 Bxg5 19. Rxg5 Nf4 20. Rxg7+ Kh8 21.
Nd5 Bxd5 22. exd5 Nxd3 23. cxd3 Rg8 24. Rxg8+ Rxg8 25. Qf5 Rd8 26. Qf6+ Kg8 27.
Qg5+ Kh8 28. Rc1 Qd6 29. Rf1 Rd7 30. Rf6 Qxd5 31. Rxa6 Rd6 32. Ra8+ Qxa8 33.
Qxe5+ Kg8 34. Qxd6 Qa4 35. h3 Qb3 36. Qd4 Qd1+ 37. Kh2 Qd2 38. b4 Qc1 39. Qg4+
Kf8 40. Qf5 Qxa3 41. Qxb5 Qb2 42. Qc5+ Kg7 43. b5 Qd2 44. Qd4+ Kf8 45. b6 1-0

[Event "SR 2. liga A 2007/2008"]
[Site "?"]
[Date "2007.10.06"]
[Round "1"]
[White "Fabry, Robert"]
[Black "Pacher, Milan"]
[Result "0-1"]
[WhiteElo "2209"]
[BlackElo "2328"]
[PlyCount "118"]
[EventDate "2007.??.??"]

1. e4 c5 2. b3 Nf6 3. e5 Nd5 4. Qf3 e6 5. Bb2 Nc6 6. Na3 a6 7. Bd3 b5 8. Be4
Bb7 9. Nh3 Nd4 10. Qg3 Qb6 11. c3 Nc6 12. O-O g6 13. Nc2 Bg7 14. Bxd5 exd5 15.
d4 cxd4 16. cxd4 O-O 17. Ng5 Rac8 18. Rac1 h6 19. Nf3 a5 20. h4 Ne7 21. Ne3 Qe6
22. Rxc8 Rxc8 23. Ne1 Nf5 24. Qf4 Nxe3 25. fxe3 b4 26. g4 Ba6 27. Rf2 Bf8 28.
Qf3 d6 29. g5 h5 30. e4 Bb7 31. exd5 Bxd5 32. Qg3 dxe5 33. Rf6 Qd7 34. dxe5 a4
35. bxa4 Qxa4 36. e6 Bxe6 37. Qe5 Qa7+ 38. Rf2 Rc3 39. Bxc3 bxc3 40. Qxc3 Bc5
41. Nd3 Bxf2+ 42. Nxf2 Qxa2 43. Qd4 Bd5 44. Kh2 Qe2 45. Qxd5 Qxf2+ 46. Kh3 Qe3+
47. Kg2 Qe2+ 48. Kh1 Qe1+ 49. Kg2 Qxh4 50. Qe5 Qg4+ 51. Kh2 Qf3 52. Qd4 Kh7 53.
Qc4 Qf2+ 54. Kh3 Qf5+ 55. Kh2 Kg8 56. Qh4 Qg4 57. Qxg4 hxg4 58. Kg3 Kf8 59.
Kxg4 Ke7 0-1

[Event "SR 2. liga A 2007/2008"]
[Site "?"]
[Date "2007.10.06"]
[Round "1"]
[White "Hebelka, Milos"]
[Black "Vrba, Michal"]
[Result "1-0"]
[WhiteElo "2121"]
[BlackElo "1970"]
[PlyCount "159"]
[EventDate "2007.??.??"]

1. e4 d5 2. exd5 Qxd5 3. Nc3 Qa5 4. d4 c6 5. Bc4 Nf6 6. Nge2 Bf5 7. O-O e6 8.
Bf4 Nbd7 9. a3 Be7 10. Ng3 Bg6 11. b4 Qd8 12. Bb3 O-O 13. Qf3 Nd5 14. Nce2 Nxf4
15. Nxf4 Nb6 16. Nxg6 hxg6 17. Rad1 Qc7 18. Ne2 Bf6 19. a4 a5 20. Nf4 Nd5 21.
Nxd5 cxd5 22. b5 Rac8 23. Rd3 Qd6 24. Rfd1 Qb4 25. g3 Rc7 26. Kg2 Rfc8 27. h4
Rc3 28. Qe3 Rxd3 29. Rxd3 Kf8 30. f4 b6 31. g4 Bxh4 32. f5 gxf5 33. gxf5 exf5
34. Qf4 Qe7 35. Qxf5 Qg5+ 36. Qxg5 Bxg5 37. c3 Rd8 38. Kf3 Ke7 39. Ke2 Bf6 40.
Rf3 Kd6 41. Kd3 Ke7 42. Rh3 g6 43. Re3+ Kf8 44. Rf3 Kg7 45. Rf1 Rd6 46. Rf4 Bg5
47. Rf1 f5 48. Re1 Bf6 49. Re8 f4 50. Rc8 Kf7 51. Rc7+ Ke6 52. Ke2 Kf5 53. Kf3
g5 54. Bc2+ Ke6 55. Kg4 Bd8 56. Rh7 Be7 57. Bd3 Kd7 58. Bf5+ Ke8 59. Rh1 Kf8
60. Re1 Kf7 61. Bc8 Rh6 62. Re5 Rd6 63. Bb7 Rh6 64. Bxd5+ Kf8 65. Be6 Rh4+ 66.
Kf3 Rh1 67. c4 Ra1 68. c5 bxc5 69. dxc5 Rxa4 70. b6 Ra3+ 71. Kg4 Ra4 72. c6 Rb4
73. b7 Bd6 74. Rxa5 f3+ 75. Kxf3 Rf4+ 76. Ke3 Rb4 77. Kd3 Bf4 78. Rf5+ Ke7 79.
Rxf4 gxf4 80. c7 1-0

[Event "SR 2. liga A 2007/2008"]
[Site "?"]
[Date "2007.10.06"]
[Round "1"]
[White "Janecek, Jan"]
[Black "Orosi, Peter"]
[Result "1/2-1/2"]
[WhiteElo "1979"]
[BlackElo "1884"]
[PlyCount "112"]
[EventDate "2007.??.??"]

1. d4 Nf6 2. Nf3 e6 3. e3 d5 4. Be2 c5 5. O-O Nc6 6. Nbd2 Bd6 7. c3 O-O 8. h3
Qc7 9. Bd3 e5 10. dxe5 Nxe5 11. Nxe5 Bxe5 12. Nf3 Bd6 13. Qc2 Re8 14. Rd1 h6
15. b3 Bd7 16. Bb2 Bc6 17. Be2 Qe7 18. Nd2 Rac8 19. Bf3 Ne4 20. Nxe4 dxe4 21.
Be2 Qe5 22. g3 Re6 23. Bg4 f5 24. c4 fxg4 25. Bxe5 Bxe5 26. Rab1 gxh3 27. Kh2
Re7 28. Rd2 Bd7 29. Rxd7 Rxd7 30. Qxe4 Re7 31. Qd5+ Kh8 32. Kxh3 Bf6 33. Rd1 b6
34. Qf5 Rce8 35. Rd5 Kg8 36. Qd3 Kh8 37. Kg2 Kg8 38. Rd8 Rxe3 39. fxe3 Rxd8 40.
Qc2 Bg5 41. Kf3 Rf8+ 42. Ke2 Re8 43. e4 Bf6 44. a3 Bd4 45. Kf3 h5 46. Qd3 Re5
47. Kf4 g5+ 48. Kf3 Kg7 49. Kg2 h4 50. gxh4 gxh4 51. Kh3 Re6 52. Kxh4 Rh6+ 53.
Kg4 Rg6+ 54. Kf3 Rf6+ 55. Kg4 Rg6+ 56. Kf5 Rf6+ 1/2-1/2

[Event "SR 2. liga A 2007/2008"]
[Site "?"]
[Date "2007.10.06"]
[Round "1"]
[White "Kleman, Miroslav"]
[Black "Janos, Jozef"]
[Result "0-1"]
[WhiteElo "2097"]
[BlackElo "2256"]
[PlyCount "76"]
[EventDate "2007.??.??"]

1. e4 c5 2. Nf3 e6 3. c3 Nf6 4. d3 Nc6 5. g3 d6 6. Bg2 Be7 7. O-O O-O 8. Re1
Qc7 9. d4 e5 10. a3 Bg4 11. d5 Na5 12. Bg5 Bxf3 13. Bxf3 Nxd5 14. Qxd5 Bxg5 15.
Be2 Nc6 16. h4 Ne7 17. Qd3 Bh6 18. Rd1 Rad8 19. Qc4 Qc6 20. Bf3 b5 21. Qe2 c4
22. a4 a6 23. Na3 Qc5 24. Nc2 f5 25. Nb4 fxe4 26. Qxe4 Rxf3 27. Qxf3 Rf8 28.
Qg4 Qxf2+ 29. Kh1 Nf5 30. Rg1 g6 31. Rg2 Qxg2+ 32. Kxg2 Ne3+ 33. Kh3 Nxg4 34.
Kxg4 Rf2 35. axb5 axb5 36. Rd1 Bf8 37. Nd5 h5+ 38. Kg5 Kg7 0-1

[Event "SR 2. liga A 2007/2008"]
[Site "?"]
[Date "2007.10.06"]
[Round "1"]
[White "Mikulas, Dusan"]
[Black "Polacik, Igor"]
[Result "1/2-1/2"]
[WhiteElo "2189"]
[BlackElo "2130"]
[PlyCount "27"]
[EventDate "2007.??.??"]

1. e4 e5 2. Nf3 Nc6 3. Nc3 Nf6 4. d4 exd4 5. Nxd4 Bb4 6. Nxc6 bxc6 7. Bd3 d5 8.
exd5 Qe7+ 9. Be2 Nxd5 10. Bd2 Nxc3 11. bxc3 Bd6 12. O-O O-O 13. Bf3 Be6 14. Qe2
1/2-1/2

[Event "SR 2. liga A 2007/2008"]
[Site "?"]
[Date "2007.10.06"]
[Round "1"]
[White "Orolin, Peter"]
[Black "Milanov, Jasen"]
[Result "1-0"]
[WhiteElo "1963"]
[BlackElo "1970"]
[PlyCount "105"]
[EventDate "2007.??.??"]

1. d4 e6 2. c4 d5 3. Nf3 Nf6 4. g3 Be7 5. Bg2 O-O 6. O-O b6 7. cxd5 exd5 8. Nc3
Bb7 9. Bf4 a6 10. Rc1 Nbd7 11. Ne5 c5 12. Nxd7 Qxd7 13. Na4 Qb5 14. dxc5 bxc5
15. b3 Rfe8 16. Be5 Nd7 17. Ba1 d4 18. Bxb7 Qxb7 19. Nb2 Ne5 20. Nc4 f6 21. Re1
Rad8 22. Qd2 Bf8 23. Nxe5 fxe5 24. e4 Rc8 25. Rc4 h6 26. Bb2 Qb6 27. Rec1 Rc7
28. Qc2 a5 29. Ra4 Bd6 30. Qc4+ Kh7 31. Rc2 Rb7 32. Bc1 Qc6 33. Qd3 Qb5 34.
Qxb5 Rxb5 35. Bd2 Ra8 36. Kf1 Bc7 37. Ke2 Rf8 38. Be1 Kg6 39. Kd3 Rd8 40. Kc4
Rdb8 41. Kd5 Bb6 42. Rac4 Kf6 43. f4 exf4 44. gxf4 Rc8 45. f5 Ba7 46. Bh4+ g5
47. fxg6+ Kxg6 48. e5 Rb7 49. e6 Re8 50. Rf2 Rc7 51. Rc1 Kh5 52. Bf6 Bb6 53.
Rg1 1-0

[Event "SR 2. liga A 2007/2008"]
[Site "?"]
[Date "2007.10.06"]
[Round "1"]
[White "Schwarz, Dusan"]
[Black "Tepper, Frantisek"]
[Result "1/2-1/2"]
[WhiteElo "2284"]
[BlackElo "2164"]
[PlyCount "142"]
[EventDate "2007.??.??"]

1. e4 e5 2. Nf3 Nf6 3. Nxe5 d6 4. Nf3 Nxe4 5. d4 d5 6. Bd3 Nc6 7. O-O Be7 8.
Re1 Bg4 9. c4 Nf6 10. h3 Bxf3 11. Qxf3 Nxd4 12. Qg3 Ne6 13. Nc3 d4 14. Nb5 c6
15. Rxe6 fxe6 16. Nc7+ Kf7 17. Nxa8 Qxa8 18. Bg5 Qd8 19. Re1 Qd7 20. Qf3 Qd6
21. b3 Qc5 22. Qe2 e5 23. f4 e4 24. b4 Qxb4 25. Bxe4 d3 26. Bxd3 Bc5+ 27. Kf1
Re8 28. Qd1 Rxe1+ 29. Qxe1 Qxe1+ 30. Kxe1 h6 31. Bh4 Ke6 32. Ke2 Bd6 33. f5+
Kf7 34. g4 a6 35. Be1 Nd7 36. Ke3 Be5 37. Be2 Bf6 38. h4 Be7 39. Bg3 Bc5+ 40.
Ke4 Be7 41. Bf2 Bd8 42. Kf3 Be7 43. Kg3 Nc5 44. Kf3 Nd7 45. Kf4 Bd6+ 46. Ke4
Be7 47. Bd1 Nc5+ 48. Kd4 Nd7 49. Bg3 Bf6+ 50. Ke3 Be7 51. Bc2 Bc5+ 52. Kf3 Be7
53. Kg2 Nc5 54. Kh3 b5 55. cxb5 cxb5 56. Bf4 b4 57. Bc7 Kf8 58. Bb6 Nd7 59. Bd4
a5 60. Kg3 Bd6+ 61. Kh3 Be7 62. Be3 Nc5 63. g5 hxg5 64. hxg5 a4 65. f6 Bd6 66.
Bd4 gxf6 67. Bxf6 b3 68. axb3 axb3 69. Bh7 Be7 70. Bd4 Ne6 71. Be3 Nxg5+
1/2-1/2

[Event "SR 2. liga A 2007/2008"]
[Site "?"]
[Date "2007.10.06"]
[Round "1"]
[White "Slovik, Vojtech"]
[Black "Kolman, Richard"]
[Result "0-1"]
[WhiteElo "2037"]
[BlackElo "2103"]
[PlyCount "56"]
[EventDate "2007.??.??"]

1. e4 c5 2. Nf3 d6 3. d4 cxd4 4. Nxd4 Nf6 5. Nc3 a6 6. a4 e5 7. Nf3 Qc7 8. Bg5
Nbd7 9. Be2 b6 10. Bxf6 Nxf6 11. Nd5 Nxd5 12. Qxd5 Bb7 13. Qd3 Rc8 14. c4 Be7
15. O-O O-O 16. Rfc1 f5 17. Nd2 fxe4 18. Nxe4 Rf4 19. Bf3 d5 20. Nc3 e4 21. Qd2
exf3 22. Nxd5 Bxd5 23. cxd5 Rc4 24. Rxc4 Qxc4 25. d6 Bf6 26. d7 Rd8 27. Re1 Qc6
28. gxf3 Qxd7 0-1